| 000 | 00917nam a2200265 a 4500 | ||
|---|---|---|---|
| 001 | 000082102 | ||
| 005 | 20200120224657.0 | ||
| 008 | 161129s2012 sp ad||gr|||| 001 ||spa d | ||
| 020 | _a9788478697267 | ||
| 041 | 0 | _a#-spa | |
| 043 | _ae-sp--- | ||
| 082 | 0 | 4 |
_a155.418 _bG65 _221 |
| 100 | 1 | _aGonzález Navarro, Ana | |
| 245 | 1 | 0 |
_aEl Sindrome de asperger : _bGuía para mejorar la convivencia escolar dirigida a familiares, profesores y compañeros. |
| 250 | _a1a. ed. | ||
| 260 |
_aMadrid : _bCEPE, _c2012. |
||
| 300 |
_a143 páginas : _bilustraciones y diagramas a blanco y negro. |
||
| 490 | 0 |
_aEducación especial y dificultades de aprendizaje _v30 |
|
| 500 | _aIncluye índice | ||
| 504 | _aReferencias bibliográficas : p. 135-143 | ||
| 650 | 1 | 7 |
_aAutismo _xaspectos sociales _2LEMB |
| 650 | 2 | 7 |
_aAnsiedad infantil _2LEMB |
| 650 | 2 | 7 |
_aDesarrollo infantil _2LEMB |
| 650 | 2 | 7 |
_aPsicopatología infantil _2LEMB |
| 999 |
_c10510 _d10510 |
||